000 00938cam a22002771 4500
001 e 42000261
003 DLC
005 20260227111231.0
008 810725s1941 xx 000 0 eng
010 _ae 42000261
035 _a(OCoLC)14749298
040 _aDLC
_cDNLM
_dLU
_dDLC
042 _apremarc
043 _an-us-la
050 0 0 _aL154
_b.B32 no. 456
060 0 _aQU 145
_bL888s 1941
082 _a371.716
110 1 _aLouisiana.
_bDepartment of Education.
245 1 0 _aSuggestions for improving health and nutrition through the school lunch program in Louisiana.
_bPrepared under the direction of the Home Economics Division of the Dept. of Instruction and Supervision.
260 _aBaton Rouge,
_c1941.
300 _a34 p.
490 0 _aLouisiana. Dept. of Education. Bulletin,
_vno 456
650 0 _aSchool children
_xFood.
650 0 _aChildren
_xNutrition.
740 0 _aSchool lunch program in Louisiana
999 _c21881
_d21881